Riaditeľ UNLP Martin Paulo: Covid sa s bežnou chrípkou nedá ani len porovnať

Bibliographic Details
Main Author: Kvič, Tomáš (Author)
Format: Article
Language:Slovak
PhysicalDescription:Fotografie
ISSN:1339-7605
Subjects:
Online Access:https://kosicednes.sk/rozhovory/riadite-unlp-martin-paulo-covid-sa-s-beznou-chripkou-neda-ani-len-porovnat/

MARC

LEADER 00000nab a2200000u 4500
001 vtls012019444
003 SK-MaSNL
005 20260303210801.0
008 210324|2021 xo ||||||| ||00 ||slo|
038 |a KEVKJB 
040 |a KEVKJB  |b slo  |e rda 
041 0 |a slo 
043 |a e-xo--- 
044 |a xo  |c SK 
072 7 |a 614  |x Verejné zdravie a hygiena  |2 konspekt 
080 |a 614.2:725.511  |2 2011 
100 1 |a Kvič, Tomáš  |4 aut  |9 1109766 
245 1 0 |a Riaditeľ UNLP Martin Paulo: Covid sa s bežnou chrípkou nedá ani len porovnať  |c Tomáš Kvič 
300 |b Fotografie 
336 |a text  |b txt  |2 rdacontent 
337 |a bez média  |b n  |2 rdamedia 
338 |a zväzok  |b nc  |2 rdacarrier 
610 2 7 |a Univerzitná nemocnica L. Pasteura Košice  |2 SNKKA  |9 155401 
650 0 7 |a COVID-19  |2 SNKPH  |9 201532 
650 0 7 |a nemocnice  |2 SNKPH  |9 3008 
651 7 |a Košice (Slovensko)  |2 SNKPHgeo  |9 18694 
773 0 |t KOŠICE:DNES : týždenník  |g Roč. 8, č. 4 (2021), s. 4-7  |x 1339-7605 
852 |a KEVKJB  |b KIS3GCP 
856 4 1 |u https://kosicednes.sk/rozhovory/riadite-unlp-martin-paulo-covid-sa-s-beznou-chripkou-neda-ani-len-porovnat/ 
958 |a MI 
999 |c 2201671  |d 2203601